| 000 | 01018nam a2200241 a 4500 | ||
|---|---|---|---|
| 001 | 21377 | ||
| 003 | CO-ViMGA | ||
| 008 | 141112s2004 ck r 000 u spa d | ||
| 020 | _a968240956X | ||
| 040 |
_aCO-ViMGA _bspa _cCO-ViMGA |
||
| 082 | 0 | 4 | _aMEVIECAR.42 G172m |
| 100 | 1 |
_aGarcía Fernández, Dora _930521 |
|
| 245 | 1 | 0 |
_aMetodología del trabajo de investigación : _bGuía práctica |
| 250 | _a2 | ||
| 260 |
_aMexico; trillas, _c2001 |
||
| 300 | _a86 | ||
| 505 | _aIntroducción a la investigación científica 11 - - El proceso de investigación científica 15 - - Sistema de notación para trabajos de investigación 31 - - 41 - - Aspectos tecnicos mecanográficos computacionales del trabajo de investigación 59 | ||
| 590 | _aForma de adquisición : Compra fact. 0864 - - Precio : 31000 - - Proveedor : Temas y libros - - Fecha de adquisición : Mayo 2007 | ||
| 650 | 1 | 4 |
_aInvestigación _953563 |
| 650 | 1 | 4 | _aMETODO CIENTIFICO |
| 650 | 1 | 4 |
_aMETODOLOGIA DE LA Investigación _92646 |
| 942 |
_2ddc _cBK |
||
| 999 |
_c29993 _d29993 |
||